| 000 | 00344nam a2200133 a 4500 | ||
|---|---|---|---|
| 001 | 3834 | ||
| 003 | CDMR | ||
| 005 | 20130426115206.0 | ||
| 008 | 130130s2006||||||||||||||||||||||||||||d | ||
| 040 |
_aCDMR _bcat _cCDMR |
||
| 245 | 0 | _a100 fotos de fĂștbol por la libertad de prensa | |
| 260 |
_c2006 _bReporteros Sin Fronteras _a[s.l.] |
||
| 942 |
_cMON _2udc |
||
| 999 |
_c3834 _d3834 |
||